01346nam a22002417a 4500008004100000020001800041040000800059041000800067050002500075100003800100245011900138260004800257300004700305520047700352650002700829650002800856655001900884655002100903700004700924942000800971952011000979999001501089251112b |||||||| |||| 00| 0 eng d a9781454956983 ctbs aeng aTX809.M17bC678 2025 aCortellini, Danilo926478eauthor aPasta rulesb: 100 ways to shape, sauce, and serve c/ Danilo Cortellini ; illustrations by Rebecca Hollingsworth. aNew York, NY : bUnion Square & Co.,c2025. a144 pages : bcolor illustrations ;c19 cm aIf you want to elevate your game, you need to know the rules. In this book of 100 tips and tricks by Danilo Cortellini, food content creator and former head chef of the Italian embassy in London, you'll learn how to make a variety of pasta doughs and shapes, what sauces and ingredients to pair them with, and how to serve and eat them authentically--as well as Danilo's expert guidance on what rules you can actually break (fish and cheese may not be so taboo after all). 0aCooking (Pasta)926479 0aCooking, Italian925001 0aRecipes926480 0aCookbooks925002 aHollingsworth, Rebecca926481eillustrator 2lcc 00102lcc4070aTBSbTBSd2025-11-12l1oTX809.M17 CORpB05656r2026-02-10s2026-02-03t1w2025-11-12y1 c5171d5171